000 00662pam a2200229 i 4500
001 2298534
005 20180215051219.0
008 800425s1980 nyua b 000 0 eng
010 _a 80016191
020 _a0393950603 (pbk.)
020 _a0393012719
040 _aDLC
_cDLC
_dDLC
041 _aeng
080 _a338.5024658 edw
082 0 0 _a338.5024658 edw
100 1 _a54
101 _aman
245 1 0 _aManagerial economics and operations research :
_cedited by Edwin Mansfield.
504 _aIncludes bibliographical references.
906 _a7
_bcbc
_corignew
_d1
_eocip
_f19
_gy-gencatlg
942 _2ddc
_cBK
999 _c42638
_d42638